| 000 | 00645nam a2200181Ia 4500 | ||
|---|---|---|---|
| 001 | 6567 | ||
| 008 | 260622s9999 xx 000 0 und d | ||
| 020 | _a9948044215 | ||
| 245 | 0 |
_aسرد الذات: فن السيرة الذاتية/ _cعمر منيب إدلبي |
|
| 260 |
_aالشارقة؛ _bدائرة الثقافة والإعلام؛ _c2008 |
||
| 300 |
_a296p; _c21x13cm |
||
| 490 |
_aجائزة الشارقة للإبداع العربي _v#11 |
||
| 520 | _aArt of writing Autobiography/ Umar Muneeb Idlibi | ||
| 546 | _aArabic | ||
| 648 | _a20th century | ||
| 650 |
_aCT21-22 Biography as an art or literary form _99414 |
||
| 942 | _cBK | ||
| 999 |
_c6567 _d6567 |
||